History - American | 0 | 4 | 0 | 0 | 40 | 96 | 109.75 | 0 | 0 |
History - World | 0 | 3 | 0 | 0 | 30 | 97 | 105.67 | 0 | 0 |
History - European | 0 | 3 | 0 | 0 | 30 | 92 | 108.33 | 0 | 0 |
Fine Arts - Music | 0 | 2 | 0 | 0 | 20 | 117 | 120.00 | 0 | 0 |
Fine Arts - Miscellaneous | 0 | 2 | 0 | 0 | 20 | 115 | 115.50 | 0 | 0 |
Literature - World and Miscellaneous | 0 | 2 | 0 | 0 | 20 | 81 | 99.50 | 0 | 0 |
Current Events - World | 0 | 2 | 0 | 0 | 20 | 74 | 77.50 | 0 | 0 |
Other - Other Academic and General Knowledge | 1 | 0 | 0 | 0 | 15 | 62 | 62.00 | 0 | 0 |
Geography - World | 0 | 1 | 0 | 0 | 10 | 107 | 107.00 | 0 | 0 |
History - Cross, Historiography, and Miscellaneous | 0 | 1 | 0 | 0 | 10 | 118 | 118.00 | 0 | 0 |
Fine Arts - Photography | 0 | 1 | 0 | 0 | 10 | 112 | 112.00 | 0 | 0 |
Fine Arts - Painting | 0 | 1 | 0 | 0 | 10 | 114 | 114.00 | 0 | 0 |
RMP - World Mythology | 0 | 1 | 0 | 0 | 10 | 133 | 133.00 | 0 | 0 |
Literature - European | 0 | 1 | 0 | 0 | 10 | 132 | 132.00 | 0 | 1 |
Fine Arts - Film | 0 | 1 | 0 | 0 | 10 | 142 | 142.00 | 0 | 0 |
Science - Physics | 0 | 0 | 0 | 0 | 0 | | 0.00 | 0 | 0 |
Literature - British | 0 | 0 | 0 | 0 | 0 | | 0.00 | 0 | 0 |
RMP - Islam | 0 | 0 | 0 | 0 | 0 | | 0.00 | 0 | 0 |
Science - Biology | 0 | 0 | 0 | 0 | 0 | | 0.00 | 0 | 0 |
Current Events - U.S. | 0 | 0 | 0 | 0 | 0 | | 0.00 | 0 | 0 |